00342nam a2200121Ia 4500008004100000082001800041100002200059245007300081250000800154260002600162300001000188650002200198150201s2010 xx 000 0 und d a617.6bP2010C aCHITGUPPI, RAJEEV aPGDEE (POST GRADUATE DENTAL ENTRANCE EXAMINATION ) CLINICAL SCIRNCES a1ST bELSEVIERaDELHIc2010 a1-675 aGENERAL DENTISTRY